000
00322nam a2200133Ia 4500
008
240624s9999 xx 000 0 und d
041
_a
eng
082
_a
823 BAN
100
_a
BANSAL RASHMI
245
_a
I HAVE A DREAM
260
_c
2011
_a
Chennai
_b
Westland And Tranquebar Press
300
_a
361 : p.
365
_c
RS
_b
25
999
_c
18175
_d
18175